HER ŞEY VAKTİNİ BEKLER (Record no. 1166558)

MARC details
000 -LEADER
sabit uzunluktaki kontrol alanı 00246nam a2200097Ia 4500
001 - KONTROL NUMARASI
kontrol alanı 1166558
005 - EN SON İŞLEMİN TARİH VE ZAMANI
kontrol alanı 20250827011802.0
008 - SABİT-UZUNLUKTA VERİ ÖĞELERİ--GENEL BİLGİ
sabit uzunluktaki kontrol alanı 250824s9999 xx 000 0 und d
245 #0 - ESER / YAZAR
ESER ADI HER ŞEY VAKTİNİ BEKLER
Yazar Adı HAKAN ME
260 ## - YAYIN, DAĞITIM, VB.
YAYIN EVİ DESTEK YAYINLARI
Holdings
Düşüm durumu Kayıp durumu Hasar Durumu Ödünç verilmez Ana kütüphane Geçerli Kütüphane Edinilen tarih Toplam ödünç verme sayısı Barkod Son görüntüleme tarihi Fiyatın geçerli olmaya başladığı tarih Koha materyal türü
        MÜMİNE HATUN ANDOLU İMAM HATİP LİSESİ MÜMİNE HATUN ANDOLU İMAM HATİP LİSESİ 24.08.2025   10666056 27.08.2025 27.08.2025 Books